Central Library OPAC University of Rajshahi

Hindus and Musalmans of India / (Record no. 45063)

MARC details
000 -LEADER
fixed length control field 00792nam a2200241 a 4500
001 - CONTROL NUMBER
control field 45063
003 - CONTROL NUMBER IDENTIFIER
rucl marc code BD-RjUL
005 - DATE AND TIME OF LATEST TRANSACTION
control field 20211209053946.0
008 - FIXED-LENGTH DATA ELEMENTS--GENERAL INFORMATION
fixed length control field 160723s1940 in 000 0 eng d
035 ## - SYSTEM CONTROL NUMBER
System control number (OCoLC)ocm08357703
System control number (BD-RjUL)45181
040 ## - CATALOGING SOURCE
Original cataloging agency LLU
Transcribing agency LLU
Modifying agency m/c
-- ZCU
-- (BD-RjUL)
Language of cataloging eng
041 ## - LANGUAGE CODE
Language code of text/sound track or separate title eng
082 ## - DEWEY DECIMAL CLASSIFICATION NUMBER
Edition number 23
Classification number 305.854
Author mark and year CHH 1940
090 ## - LOCALLY ASSIGNED LC-TYPE CALL NUMBER (OCLC); LOCAL CALL NUMBER (OCLC)
Classification number (OCLC) (R) ; Classification number, CALL (RLIN) (NR) BL2003
Local cutter number (OCLC) ; Book number/undivided call number, CALL (RLIN) .C47
100 1# - MAIN ENTRY--PERSONAL NAME
Personal name Chakrabarti, Atulananda.
9 (RLIN) 138045
245 10 - TITLE STATEMENT
Title Hindus and Musalmans of India /
Statement of responsibility, etc. by Atulananda Chakrabarti ; forword by Sir Shafaat Ahmad Khan ; introduction by W. C. Wordsworth.
260 ## - PUBLICATION, DISTRIBUTION, ETC. (IMPRINT)
Place of publication, distribution, etc. Calcutta :
Name of publisher, distributor, etc. Thacker, Spink and Co.,
Date of publication, distribution, etc. 1940.
300 ## - PHYSICAL DESCRIPTION
Pagination 183 p. ;
Size 19 cm.
650 #0 - SUBJECT ADDED ENTRY--TOPICAL TERM
Topical term or geographic name as entry element Ethnology
Geographic subdivision India.
9 (RLIN) 138046
651 #0 - SUBJECT ADDED ENTRY--GEOGRAPHIC NAME
Geographic name India
General subdivision Social life and customs.
9 (RLIN) 138047
942 ## - ADDED ENTRY ELEMENTS (KOHA)
Source of classification or shelving scheme Dewey Decimal Classification
Koha item type Books
Holdings
Lost status Source of classification or shelving scheme Damaged status Not for loan Collection code Permanent Location Current Location Shelving location Date acquired Source of acquisition Cost, normal purchase price Total Checkouts Full call number Date last seen Copy number Koha item type
  Dewey Decimal Classification     Non-fiction Central Library, University of Rajshahi Central Library, University of Rajshahi   22/10/1863 Pak.Law House 20.00   305.854 CHH 1940 23/07/2016 C-2 Books